000 01851nam0a2200325 i 4500
001 RU\NLR\BIBL_A\011504679
005 20240921184710.0
010 _a9785789013083
_9100
021 _aRU
_b2017-72710
_95183
035 _a(RuMoRGB)009406095
035 _a(NLR Aleph) 011504679
090 _a12013370
_c12013370
100 _a20171023d2017 u y0rusy50 ca
101 0 _arus
102 _aRU
105 _aa|||j|||000zy
200 1 _a"Зеленая" экономика
_eучебное пособие
_e[для подготовки бакалавров направления 38.03.02 Менеджмент]
_fН.М. Сербулова, Г.Е. Персиянова, А.С. Городнянская
_gМинистерство образования и науки Российской Федерации, Федеральное государственное бюджетное образовательное учреждение высшего образования "Донской государственный технический университет"
210 _aРостов-на-Дону
_cДГТУ
_d2017
215 _a47 с.
_cил.
_d21
320 _aБиблиогр.: с. 46 (9 назв.)
606 1 _aЭколого-экономические системы социальные
_jУчебные издания для высших учебных заведений
_xРазвитие
_92283091
_3RU\NLR\AUTH\6601595832
686 _aУ528-18я73-1
_2rubbk
686 1 _aУ28(0)я73
700 1 _aСербулова
_bН. М.
_gНаталья Михайловна
701 1 _aПерсиянова
_bГ. Е.
_gГалина Евгеньевна
701 1 _aГороднянская
_bА. С.
_gАнастасия Сергеевна
942 _cBOOK
980 _aNBR